The organs of equilibrium and orientation as a control system /

Bibliographic Details
Main Author: Valentinuzzi, Máximo, 1907-
Format: Book
Language:English
Published: Chur [Switzerland] ; New York : Harwood Academic Publishers, [1980]
Series:Biomedical engineering and computation series ; v. 2.
Subjects:

MARC

Tag First Indicator Second Indicator Subfields
LEADER 00000pam a2200000 a 4500
001 in00000098117
005 20150924085607.0
008 800102s1980 sz a b 00010 engm
010 |a  79009693  
020 |a 3718600145 
035 |a (OCoLC)05892546 
035 |9 AAK9483AM 
040 |a DLC  |c DLC  |d m.c.  |d TXA  |d UtOrBLW 
049 |a TXAM  |c [1633516] 
050 0 0 |a QP471  |b  V34 
060 0 |a W1 BI854IH v. 2  |a WV255 V1660 
082 0 |a 612/.88 
100 1 |a Valentinuzzi, Máximo,  |d 1907- 
245 1 4 |a The organs of equilibrium and orientation as a control system /  |c  Maximo Valentinuzzi. 
264 1 |a Chur [Switzerland] ;  |a New York :  |b Harwood Academic Publishers,  |c [1980] 
264 4 |c ©1980 
300 |a xiii, 194 pages :  |b illustrations ;  |c 23 cm. 
336 |a text  |b txt  |2 rdacontent 
337 |a unmediated  |b n  |2 rdamedia 
338 |a volume  |b nc  |2 rdacarrier 
490 1 |a Biomedical engineering and computation series,  |x 0194-2778 ;  |v  v. 2 
504 |a Bibliography: pages 167-194. 
650 0 |a Equilibrium (Physiology) 
650 0 |a Orientation (Physiology) 
650 0 |a Cybernetics. 
650 2 |a Equilibrium. 
650 2 |a Orientation. 
830 0 |a Biomedical engineering and computation series ;  |v v. 2. 
999 |a MARS 
999 f f |s 084da488-8922-30d2-8162-277c4ceeb4a9  |i 5750dfcc-7ab2-3e45-a919-a1b6044861c0  |t 0 
952 f f |p ric  |a Texas A&M University  |b Rellis Campus  |c Joint Library Facility  |d Remote Storage  |t 0  |e QP471 V34  |h Library of Congress classification  |i unmediated -- volume  |m A14806024936 
998 f f |a QP471 V34  |t 0  |l Remote Storage